01532nam a2200169Ia 4500001001300000003001000013008004100023040002500064041000700089100001800096245007800114250001100192260002800203300001200231500110400243650001501347b7165-53267 IT-MiCISF161014s9999||||xx |||||||||||||| ||und|| aIT-MiCISFcIT-MiCISF ait aMadison Amber 0aParlare di sesso con i propri figlibRenderli consapevoli per proteggerli a1a ed. a TrentobEricksonc2014 app. 209 a / educazione-sessuale, educazione-genitori,figli-adolescenti, famiglia, contraccezione, patologie-sessuali / Ogni genitore vorrebbe aiutare i propri figli a fare scelte sessuali responsabili, ma spesso l'imbarazzo nel parlare di certi argomenti è forte e difficile da superare. Il vero problema non è sapere cosa dire ai ragazzi sul sesso ma come dirlo: trovare le parole giuste e il momento adatto, usare il loro linguaggio, conquistarsi la loro fiducia. Questo libro, scritto da una ventiseienne, intende fornire un aiuto per risolvere i piccoli e grandi problemi dei figli adolescenti legati alla sessualità e alla consapevolezza del proprio corpo. Concepito come una guida pratica, ricco di consigli e di strategie pronte all'uso, il volume affronta direttamente i temi più scottanti: quando e come parlare di sesso (ai figli maschi e alle figlie femmine); tutto quello che è necessario conoscere sulla contraccezione e le malattie sessualmente trasmissibili; le preoccupazioni e i falsi miti degli adolescenti in fatto di sesso; infine, come farsi davvero ascoltare dai propri figli. aeducazione